[Event "7. Arber-Senioren-Cup 2019"]
[Site "Bodenmais"]
[Date "2019.07.31"]
[Round "5.5"]
[White "Glaessl, Matthias"]
[Black "Kurka, Dieter"]
[Result "0-1"]
[WhiteElo "2148"]
[BlackElo "2006"]
[Annotator "NA"]
[PlyCount "88"]
[EventDate "2019.07.27"]
[EventType "swiss"]
[EventCountry "GER"]
[SourceTitle "playchess.com"]
[Source "ChessBase"]
[SourceQuality "1"]
[TimeControl "60/7800+30:0"]

1. e4 {[%emt 0:00:00]} c5 {[%emt 0:00:00]} 2. Nf3 {[%emt 0:00:00]} e6 {[%emt 0:00:00]} 3. d4 {[%emt 0:00:00]} cxd4 {[%emt 0:00:00]} 4. Nxd4 {[%emt 0:00:00]} a6 {[%emt 0:00:04]} 5. Bd3 {[%emt 0:00:00]} Qc7 {[%emt 0:00:08]} 6. Qe2 {[%emt 0:00:00]} d6 {[%emt 0:00:20]} 7. O-O {[%emt 0:00:58]} Nf6 {[%emt 0:00:08]} 8. c4 {[%emt 0:00:24]} Be7 {[%emt 0:00:16]} 9. Nc3 {[%emt 0:00:27]} Nbd7 {[%emt 0:00:05]} 10. Be3 {[%emt 0:05:04]} b6 {[%emt 0:05:53]} 11. Rac1 {[%emt 0:01:00]} Bb7 {[%emt 0:00:27]} 12. f3 {[%emt 0:00:11]} O-O {[%emt 0:00:17]} 13. Rfd1 {[%emt 0:01:34]} Rac8 {[%emt 0:00:12]} 14. b3 {[%emt 0:02:22]} Rfe8 {[%emt 0:00:21]} 15. Qf2 {[%emt 0:03:37]} Qb8 {[%emt 0:00:53]} 16. Nde2 {[%emt 0:08:14]} d5 {[%emt 0:04:07]} 17. cxd5 {[%emt 0:15:22]} exd5 {[%emt 0:00:50]} 18. Nxd5 {[%emt 0:02:32]} Nxd5 {[%emt 0:00:40]} 19. exd5 {[%emt 0:00:24]} Rxc1 {[%emt 0:00:40]} 20. Rxc1 {[%emt 0:00:08]} Bxd5 {[%emt 0:00:54]} 21. Bd4 {[%emt 0:07:08]} Bd6 {[%emt 0:01:14]} 22. Qh4 {[%emt 0:01:17]} h6 {[%emt 0:00:56]} 23. Nc3 {[%emt 0:02:51]} Nc5 {[%emt 0:29:21]} 24. Bf5 {[%emt 0:07:40]} Be6 {[%emt 0:09:20]} 25. Bb1 {[%emt 0:01:28]} Rd8 {[%emt 0:06:45]} 26. Be3 {[%emt 0:02:27]} Be5 {[%emt 0:02:08]} 27. Ne2 {[%emt 0:02:42]} Bf6 {[%emt 0:03:48]} 28. Qf4 {[%emt 0:02:51]} Bg5 {[%emt 0:01:10]} 29. b4 {[%emt 0:00:55]} Bxf4 {[%emt 0:00:58]} 30. Bxf4 {[%emt 0:00:01]} Qb7 {[%emt 0:00:38]} 31. bxc5 {[%emt 0:00:10]} bxc5 {[%emt 0:00:17]} 32. Be4 {[%emt 0:01:35]} Qb2 {[%emt 0:03:13]} 33. Rc2 {[%emt 0:01:05]} Qa1+ {[%emt 0:01:30]} 34. Kf2 {[%emt 0:00:17]} Rd1 {[%emt 0:05:40]} 35. Bd2 {[%emt 0:03:43]} Rf1+ {[%emt 0:07:46]} 36. Ke3 {[%emt 0:00:09]} f5 {[%emt 0:00:23]} 37. Bc3 {[%emt 0:00:19]} Qd1 {[%emt 0:08:36]} 38. Rd2 {[%emt 0:01:18]} Qa4 {[%emt 0:07:37]} 39. Rd8+ {[%emt 0:01:12]} Kf7 {[%emt 0:00:07]} 40. Bd5 {[%emt 0:00:41]} g5 {[%emt 0:00:44]} 41. Bxe6+ {[%emt 0:01:24]} Kxe6 {[%emt 0:00:08]} 42. g3 {[%emt 0:00:22]} Qc6 {[%emt 0:02:01]} 43. f4 {[%emt 0:00:08]} Ke7 {[%emt 0:05:44]} 44. Rd3 {[%emt 0:00:27]} Rf3+ {[%emt 0:01:23] Rd1} 0-1

[Event "7. Arber-Senioren-Cup 2019"]
[Site "Bodenmais"]
[Date "2019.07.31"]
[Round "5.6"]
[White "Kuempers, Ulrich"]
[Black "Nickl, Klaus"]
[Result "1/2-1/2"]
[WhiteElo "2030"]
[BlackElo "1988"]
[Annotator "NA"]
[PlyCount "45"]
[EventDate "2019.07.27"]
[EventType "swiss"]
[EventCountry "GER"]
[SourceTitle "playchess.com"]
[Source "ChessBase"]
[SourceQuality "1"]
[TimeControl "60/7800+30:0"]

1. d4 {[%emt 0:00:00]} Nf6 {[%emt 0:00:00]} 2. c4 {[%emt 0:00:00]} e6 {[%emt 0:00:00]} 3. Nf3 {[%emt 0:00:00]} d5 {[%emt 0:00:01]} 4. Nc3 {[%emt 0:01:22]} Be7 {[%emt 0:00:46]} 5. Bg5 {[%emt 0:00:40]} O-O {[%emt 0:01:01]} 6. e3 {[%emt 0:00:09]} Nbd7 {[%emt 0:03:10]} 7. Qc2 {[%emt 0:01:24]} c6 {[%emt 0:00:31]} 8. cxd5 {[%emt 0:02:10]} exd5 {[%emt 0:01:05]} 9. Bd3 {[%emt 0:00:34]} Re8 {[%emt 0:01:00]} 10. O-O {[%emt 0:01:16]} g6 {[%emt 0:07:53]} 11. Rab1 {[%emt 0:07:39]} a5 {[%emt 0:01:19]} 12. Bf4 {[%emt 0:04:30]} Nf8 {[%emt 0:00:38]} 13. h3 {[%emt 0:07:19]} Ne6 {[%emt 0:08:16]} 14. Bh2 {[%emt 0:20:56]} Bd6 {[%emt 0:03:16]} 15. Bxd6 {[%emt 0:03:13]} Qxd6 16. Na4 {[%emt 0:08:57]} Nd7 {[%emt 0:04:13]} 17. Rbc1 {[%emt 0:09:06]} Kg7 {[%emt 0:14:10]} 18. Rfd1 {[%emt 0:00:42]} h6 {[%emt 0:00:41]} 19. a3 {[%emt 0:00:45]} Ng5 {[%emt 0:01:25]} 20. Qe2 {[%emt 0:39:31]} f5 {[%emt 0:09:47]} 21. Ne5 {[%emt 0:08:38]} Rb8 {[%emt 0:03:55]} 22. h4 {[%emt 0:04:17]} Ne4 {[%emt 0:02:25]} 23. Nxd7 {[%emt 0:08:40]} 1/2-1/2

[Event "7. Arber-Senioren-Cup 2019"]
[Site "Bodenmais"]
[Date "2019.07.31"]
[Round "5.7"]
[White "Greul, Hans"]
[Black "Waltenberger, Udo"]
[Result "1/2-1/2"]
[WhiteElo "2009"]
[BlackElo "1986"]
[Annotator "NA"]
[PlyCount "95"]
[EventDate "2019.07.27"]
[EventType "swiss"]
[EventCountry "GER"]
[SourceTitle "playchess.com"]
[Source "ChessBase"]
[SourceQuality "1"]
[TimeControl "60/7800+30:0"]

1. d4 {[%emt 0:00:00]} Nf6 {[%emt 0:00:00]} 2. Nf3 {[%emt 0:00:00]} g6 {[%emt 0:00:00]} 3. e3 {[%emt 0:00:29]} Bg7 {[%emt 0:00:00]} 4. Be2 {[%emt 0:01:03]} O-O {[%emt 0:00:00]} 5. c4 {[%emt 0:00:09]} d5 {[%emt 0:00:10]} 6. Nc3 {[%emt 0:00:20]} c5 {[%emt 0:00:11]} 7. O-O {[%emt 0:03:16]} cxd4 {[%emt 0:00:08]} 8. Nxd4 {[%emt 0:00:09]} Nc6 {[%emt 0:01:41]} 9. cxd5 {[%emt 0:02:51]} Nxd5 {[%emt 0:00:25]} 10. Nxd5 {[%emt 0:00:23]} Qxd5 {[%emt 0:00:13]} 11. Bf3 {[%emt 0:00:27]} Qd7 {[%emt 0:03:10]} 12. Nxc6 {[%emt 0:03:02]} bxc6 {[%emt 0:00:02]} 13. Qc2 {[%emt 0:00:40]} Bb7 {[%emt 0:01:27]} 14. Rd1 {[%emt 0:00:34]} Qc7 {[%emt 0:03:13]} 15. Bd2 {[%emt 0:01:59]} Rfd8 {[%emt 0:04:28]} 16. Bc3 {[%emt 0:00:58]} Bxc3 {[%emt 0:10:05]} 17. Qxc3 {[%emt 0:00:09]} Rxd1+ {[%emt 0:00:13]} 18. Rxd1 {[%emt 0:00:08]} Rd8 {[%emt 0:00:10]} 19. Rxd8+ {[%emt 0:02:40]} Qxd8 {[%emt 0:00:02]} 20. b4 {[%emt 0:11:40]} Qb6 {[%emt 0:06:58]} 21. g3 {[%emt 0:11:51]} Qb5 {[%emt 0:01:14]} 22. a3 {[%emt 0:10:58]} Ba6 {[%emt 0:10:37]} 23. Qc1 {[%emt 0:00:45]} Bb7 {[%emt 0:01:15]} 24. Qc2 {[%emt 0:11:40]} a5 {[%emt 0:06:08]} 25. Qd2 {[%emt 0:13:21]} axb4 {[%emt 0:00:57]} 26. Qxb4 {[%emt 0:02:06]} Qxb4 {[%emt 0:07:46]} 27. axb4 {[%emt 0:00:08]} Kf8 {[%emt 0:00:01]} 28. b5 {[%emt 0:14:29]} Ke8 {[%emt 0:00:02]} 29. bxc6 {[%emt 0:00:09]} Ba6 {[%emt 0:00:26]} 30. Bd5 {[%emt 0:01:03]} f6 {[%emt 0:02:01]} 31. h4 {[%emt 0:04:27]} h6 {[%emt 0:01:52]} 32. f4 {[%emt 0:00:59]} Kd8 {[%emt 0:03:18]} 33. Be4 {[%emt 0:00:57]} g5 {[%emt 0:01:26]} 34. fxg5 {[%emt 0:02:37]} fxg5 {[%emt 0:00:33]} 35. hxg5 {[%emt 0:00:12]} hxg5 {[%emt 0:00:02]} 36. Kg2 {[%emt 0:01:36]} Kc7 {[%emt 0:01:10]} 37. Bf3 {[%emt 0:04:18]} Bc8 {[%emt 0:02:13]} 38. Kh2 {[%emt 0:02:19]} Kd6 {[%emt 0:00:09]} 39. Kg1 {[%emt 0:02:04]} e5 {[%emt 0:00:51]} 40. Be4 {[%emt 0:02:21]} Bg4 {[%emt 0:11:19]} 41. Kf2 {[%emt 0:00:44]} Bd1 {[%emt 0:00:50]} 42. Kg1 {[%emt 0:07:25]} Bg4 {[%emt 0:08:39]} 43. Kg2 {[%emt 0:01:28]} Kc7 {[%emt 0:00:29]} 44. Bd5 {[%emt 0:04:11]} Kd6 {[%emt 0:01:40]} 45. e4 {[%emt 0:03:15]} Kc7 {[%emt 0:06:34]} 46. Kf2 {[%emt 0:00:09]} Bd1 {[%emt 0:01:38]} 47. Ke3 {[%emt 0:01:45]} Ba4 {[%emt 0:00:12]} 48. Kf3 {[%emt 0:06:33]} 1/2-1/2

[Event "7. Arber-Senioren-Cup 2019"]
[Site "Bodenmais"]
[Date "2019.07.31"]
[Round "5.8"]
[White "Neubauer, Jaroslaus"]
[Black "Godoj, Veit"]
[Result "1/2-1/2"]
[WhiteElo "2014"]
[BlackElo "1995"]
[Annotator "NA"]
[PlyCount "79"]
[EventDate "2019.07.27"]
[EventType "swiss"]
[EventCountry "GER"]
[SourceTitle "playchess.com"]
[Source "ChessBase"]
[SourceQuality "1"]
[TimeControl "60/7800+30:0"]

1. e4 {[%emt 0:00:00]} g6 {[%emt 0:00:00]} 2. d4 {[%emt 0:00:00]} Bg7 {[%emt 0:00:00]} 3. Nc3 {[%emt 0:00:11]} c5 {[%emt 0:00:00]} 4. dxc5 {[%emt 0:00:57]} Bxc3+ {[%emt 0:02:03]} 5. bxc3 {[%emt 0:00:17]} Nf6 {[%emt 0:00:05]} 6. e5 {[%emt 0:03:34]} Ne4 {[%emt 0:00:55]} 7. Qd4 {[%emt 0:00:36]} Qa5 {[%emt 0:00:08]} 8. e6 {[%emt 0:08:18]} f6 {[%emt 0:04:04]} 9. exd7+ {[%emt 0:04:00]} Nxd7 {[%emt 0:03:52]} 10. Qb4 {[%emt 0:13:20]} Qxc5 {[%emt 0:04:11]} 11. Qxc5 {[%emt 0:00:18]} Ndxc5 {[%emt 0:05:47]} 12. Be3 {[%emt 0:03:38]} b6 {[%emt 0:10:09]} 13. Bb5+ {[%emt 0:02:31]} Bd7 {[%emt 0:00:25]} 14. c4 {[%emt 0:02:15]} Rc8 {[%emt 0:01:02]} 15. Ne2 {[%emt 0:01:36]} Nd6 {[%emt 0:15:52]} 16. a4 {[%emt 0:04:16]} Ndb7 {[%emt 0:05:57]} 17. Nd4 {[%emt 0:05:17]} e5 {[%emt 0:03:44]} 18. Nb3 {[%emt 0:00:36]} a5 {[%emt 0:00:18]} 19. O-O {[%emt 0:09:12]} Bxb5 {[%emt 0:00:14]} 20. cxb5 {[%emt 0:02:54]} Ke7 {[%emt 0:00:11]} 21. f4 {[%emt 0:02:04]} Nd7 {[%emt 0:15:41]} 22. fxe5 {[%emt 0:04:14]} fxe5 {[%emt 0:00:57]} 23. Rf2 {[%emt 0:05:49]} Rhf8 {[%emt 0:00:30]} 24. Rd2 {[%emt 0:00:36]} Rf7 {[%emt 0:13:57]} 25. Rad1 {[%emt 0:02:21]} Ke6 {[%emt 0:00:30]} 26. h3 {[%emt 0:02:30]} Rc4 {[%emt 0:00:10]} 27. Ra1 {[%emt 0:13:06]} h5 {[%emt 0:01:44]} 28. Ra2 {[%emt 0:02:38]} Nbc5 {[%emt 0:02:46]} 29. Nxc5+ {[%emt 0:02:33]} Nxc5 {[%emt 0:00:01]} 30. Bxc5 {[%emt 0:01:17]} Rxc5 {[%emt 0:00:34]} 31. Ra3 {[%emt 0:01:44]} Rd5 {[%emt 0:09:54]} 32. Rxd5 {[%emt 0:04:21]} Kxd5 {[%emt 0:00:02]} 33. Rd3+ {[%emt 0:02:11]} Ke6 {[%emt 0:07:55]} 34. c4 {[%emt 0:00:48]} e4 {[%emt 0:00:47]} 35. Rd1 {[%emt 0:05:09]} Rf5 {[%emt 0:03:15]} 36. Rd4 {[%emt 0:03:58]} Ke5 {[%emt 0:06:10]} 37. Rd5+ {[%emt 0:02:10]} Ke6 {[%emt 0:00:01]} 38. Rd4 {[%emt 0:02:32]} e3 {[%emt 0:12:16]} 39. g4 {[%emt 0:05:25]} Re5 40. Re4 1/2-1/2

[Event "7. Arber-Senioren-Cup 2019"]
[Site "Bodenmais"]
[Date "2019.07.31"]
[Round "5.9"]
[White "Trinkl, Andreas"]
[Black "Korte, Markus"]
[Result "0-1"]
[WhiteElo "1620"]
[BlackElo "2028"]
[Annotator "NA"]
[PlyCount "131"]
[EventDate "2019.07.27"]
[EventType "swiss"]
[EventCountry "GER"]
[SourceTitle "playchess.com"]
[Source "ChessBase"]
[SourceQuality "1"]
[TimeControl "60/7800+30:0"]

1. e4 {[%emt 0:00:00]} e5 {[%emt 0:00:00]} 2. Bc4 {[%emt 0:01:18]} Nf6 {[%emt 0:00:09]} 3. Nc3 {[%emt 0:00:09]} Bc5 {[%emt 0:02:58]} 4. d3 {[%emt 0:01:14]} c6 {[%emt 0:01:52]} 5. Nf3 {[%emt 0:02:25]} d6 {[%emt 0:04:17]} 6. O-O {[%emt 0:00:39]} O-O {[%emt 0:10:27]} 7. h3 {[%emt 0:00:55]} h6 {[%emt 0:01:19]} 8. Qe2 {[%emt 0:05:14]} Qe7 {[%emt 0:09:44]} 9. Bb3 {[%emt 0:02:15]} Be6 {[%emt 0:01:51]} 10. Be3 {[%emt 0:13:03]} Bb4 {[%emt 0:04:41]} 11. Nh2 {[%emt 0:09:00]} d5 {[%emt 0:06:38]} 12. Bd2 Nbd7 {[%emt 0:03:20]} 13. exd5 {[%emt 0:25:47]} cxd5 {[%emt 0:05:46]} 14. Rad1 {[%emt 0:07:54]} Rac8 {[%emt 0:03:16]} 15. f4 {[%emt 0:07:05]} exf4 {[%emt 0:15:13]} 16. Rxf4 {[%emt 0:10:54]} Bd6 {[%emt 0:07:00]} 17. Rff1 {[%emt 0:01:10]} Bc5+ {[%emt 0:07:41]} 18. Kh1 {[%emt 0:00:54]} Rfe8 {[%emt 0:05:31]} 19. Rde1 {[%emt 0:04:48]} Qd6 {[%emt 0:06:57]} 20. Bf4 {[%emt 0:05:53]} Qc6 {[%emt 0:05:26]} 21. Qf3 {[%emt 0:05:55]} Bb4 {[%emt 0:04:43]} 22. Re2 {[%emt 0:04:37]} a6 {[%emt 0:02:42]} 23. Nd1 {[%emt 0:04:37]} Bd6 {[%emt 0:02:05]} 24. Bxd6 {[%emt 0:07:28]} Qxd6 {[%emt 0:00:08]} 25. Rfe1 {[%emt 0:01:22]} Nf8 {[%emt 0:05:08]} 26. c3 {[%emt 0:02:49]} Ng6 {[%emt 0:00:18]} 27. Nf1 {[%emt 0:01:58]} Red8 {[%emt 0:05:33]} 28. d4 {[%emt 0:01:56]} Ne4 {[%emt 0:04:22]} 29. Nf2 {[%emt 0:00:45]} Ng5 {[%emt 0:07:59]} 30. Qg3 {[%emt 0:01:47]} Nf4 {[%emt 0:01:44]} 31. Re3 {[%emt 0:01:06]} Bf5 {[%emt 0:01:30]} 32. Re5 {[%emt 0:01:52]} Nh5 {[%emt 0:00:41]} 33. Qh2 Be6 34. Bxd5 {[%emt 0:03:02]} Kh7 {[%emt 0:03:10]} 35. Bxe6 {[%emt 0:00:49]} fxe6 {[%emt 0:00:23]} 36. Ne4 {[%emt 0:00:58]} Nxe4 {[%emt 0:00:11]} 37. R1xe4 {[%emt 0:00:43]} Nf6 {[%emt 0:00:11]} 38. Re2 {[%emt 0:00:59]} Re8 {[%emt 0:00:32]} 39. Nd2 {[%emt 0:02:40]} b5 40. a3 {[%emt 0:00:30]} Nd7 {[%emt 0:01:18]} 41. R5e3 {[%emt 0:00:19]} Qd5 {[%emt 0:00:25]} 42. Nf3 {[%emt 0:00:19]} a5 {[%emt 0:00:48]} 43. Ne5 {[%emt 0:00:35]} Nf6 {[%emt 0:00:15]} 44. Qg1 {[%emt 0:00:21]} b4 {[%emt 0:00:06]} 45. axb4 {[%emt 0:00:31]} axb4 {[%emt 0:00:05]} 46. Qe1 {[%emt 0:00:21]} b3 {[%emt 0:00:16]} 47. Qb1+ {[%emt 0:00:47]} Kg8 {[%emt 0:00:15]} 48. Qg6 {[%emt 0:00:38]} Re7 {[%emt 0:00:30]} 49. Nd3 {[%emt 0:00:28]} Ra8 {[%emt 0:00:25]} 50. Nb4 {[%emt 0:01:19]} Qd6 {[%emt 0:00:30]} 51. Re1 {[%emt 0:00:14]} Ra5 {[%emt 0:01:58]} 52. Qg3 {[%emt 0:01:37]} Qd7 {[%emt 0:00:49]} 53. Re5 {[%emt 0:00:26]} Rxe5 {[%emt 0:01:08]} 54. Qxe5 {[%emt 0:00:04]} Qe8 {[%emt 0:00:31]} 55. Ra1 {[%emt 0:00:23]} Qg6 {[%emt 0:00:12]} 56. Kh2 {[%emt 0:01:28]} h5 {[%emt 0:01:14]} 57. Nc6 {[%emt 0:00:51]} Re8 {[%emt 0:00:22]} 58. Qe1 {[%emt 0:00:16]} Ne4 {[%emt 0:00:18]} 59. Ne5 {[%emt 0:00:10]} Qf5 {[%emt 0:00:28]} 60. Qf1 {[%emt 0:00:20]} Nf2 {[%emt 0:00:21]} 61. Nf3 {[%emt 2:10:37]} Qf4+ {[%emt 2:10:45]} 62. Kg1 {[%emt 0:00:31]} Ne4 {[%emt 0:00:19]} 63. Ra7 {[%emt 0:00:44]} Qe3+ {[%emt 0:00:14]} 64. Kh2 {[%emt 0:00:37]} Rf8 {[%emt 0:00:21]} 65. Ra1 Re8 66. Qc1 0-1

[Event "7. Arber-Senioren-Cup 2019"]
[Site "Bodenmais"]
[Date "2019.07.31"]
[Round "5.10"]
[White "Riedl, Maximilian"]
[Black "Hamlack, Heinz"]
[Result "0-1"]
[WhiteElo "1905"]
[BlackElo "1986"]
[Annotator "NA"]
[PlyCount "94"]
[EventDate "2019.07.27"]
[EventType "swiss"]
[EventCountry "GER"]
[SourceTitle "playchess.com"]
[Source "ChessBase"]
[SourceQuality "1"]
[TimeControl "60/7800+30:0"]

1. e4 {[%emt 0:00:00]} c6 {[%emt 0:00:00]} 2. d3 {[%emt 0:00:00]} d5 {[%emt 0:00:12]} 3. Nd2 {[%emt 0:00:00]} dxe4 {[%emt 0:01:47]} 4. dxe4 {[%emt 0:00:05]} Nf6 {[%emt 0:00:53]} 5. Bd3 {[%emt 0:00:22]} Nbd7 {[%emt 0:01:22]} 6. Qe2 {[%emt 0:03:30]} Ne5 {[%emt 0:01:42]} 7. Ngf3 {[%emt 0:02:14]} Nxd3+ {[%emt 0:02:51]} 8. Qxd3 {[%emt 0:00:49]} Qxd3 {[%emt 0:04:31]} 9. cxd3 {[%emt 0:00:12]} Bg4 {[%emt 0:03:28]} 10. h3 {[%emt 0:00:28]} Bh5 {[%emt 0:00:13]} 11. Ke2 {[%emt 0:02:28]} e6 {[%emt 0:00:29]} 12. g4 {[%emt 0:01:15]} Bg6 {[%emt 0:00:03]} 13. Nc4 {[%emt 0:01:06]} Be7 {[%emt 0:09:18]} 14. b3 {[%emt 0:00:39]} a5 {[%emt 0:03:28]} 15. Bb2 {[%emt 0:01:30]} O-O {[%emt 0:01:07]} 16. Nce5 {[%emt 0:02:10]} a4 {[%emt 0:01:15]} 17. Nxg6 {[%emt 0:00:36]} hxg6 {[%emt 0:00:20]} 18. Nd2 {[%emt 0:01:05]} Ra6 {[%emt 0:02:38]} 19. f3 {[%emt 0:01:09]} Rfa8 {[%emt 0:00:55]} 20. Bc3 {[%emt 0:03:23]} c5 {[%emt 0:04:11]} 21. bxa4 {[%emt 0:07:38]} Rxa4 {[%emt 0:00:19]} 22. Rhb1 {[%emt 0:00:16]} R8a7 {[%emt 0:04:24]} 23. a3 {[%emt 0:00:30]} Nd7 {[%emt 0:01:34]} 24. Nc4 {[%emt 0:00:32]} R4a6 {[%emt 0:09:12]} 25. Rb3 {[%emt 0:01:49]} Bd8 {[%emt 0:02:37]} 26. Rab1 {[%emt 0:04:52]} b6 {[%emt 0:00:52]} 27. Bb2 {[%emt 0:00:16]} Bc7 {[%emt 0:00:40]} 28. Bc1 {[%emt 0:03:13]} Kf8 {[%emt 0:15:43]} 29. f4 {[%emt 0:00:31]} Ke7 {[%emt 0:02:04]} 30. h4 {[%emt 0:00:08]} Ra8 {[%emt 0:05:46]} 31. f5 {[%emt 0:00:31]} gxf5 {[%emt 0:01:18]} 32. exf5 {[%emt 0:01:36]} exf5 {[%emt 0:00:49]} 33. gxf5 {[%emt 0:01:30]} f6 {[%emt 0:00:38]} 34. h5 {[%emt 0:00:47]} Rh8 {[%emt 0:01:18]} 35. h6 {[%emt 0:00:11]} gxh6 {[%emt 0:00:16]} 36. Be3 {[%emt 0:00:25]} Raa8 {[%emt 0:03:11]} 37. d4 {[%emt 0:00:12]} h5 {[%emt 0:11:14]} 38. dxc5 {[%emt 0:06:42]} bxc5 {[%emt 0:00:15]} 39. Rb7 {[%emt 0:01:44]} Kd8 {[%emt 0:06:16]} 40. R7b5 {[%emt 0:11:32]} Ra4 {[%emt 0:04:48]} 41. Kd3 {[%emt 0:00:55]} Rg8 {[%emt 0:01:12]} 42. Bxc5 {[%emt 0:03:35]} Rg3+ {[%emt 0:01:11]} 43. Ne3 {[%emt 0:03:50]} Nxc5+ {[%emt 0:00:30]} 44. Rxc5 {[%emt 0:00:50]} Rxa3+ {[%emt 0:00:02]} 45. Kc4 {[%emt 0:04:14]} Rgxe3 {[%emt 0:00:49]} 46. Rd1+ {[%emt 0:04:27]} Kc8 {[%emt 0:00:16]} 47. Rc1 {[%emt 0:01:14]} Re4+ {[%emt 0:00:41]} 0-1

[Event "7. Arber-Senioren-Cup 2019"]
[Site "Bodenmais"]
[Date "2019.07.31"]
[Round "5.11"]
[White "Steiger, Michael"]
[Black "Halli, Gerhard"]
[Result "1/2-1/2"]
[WhiteElo "2016"]
[BlackElo "1955"]
[Annotator "NA"]
[PlyCount "52"]
[EventDate "2019.07.27"]
[EventType "swiss"]
[EventCountry "GER"]
[SourceTitle "playchess.com"]
[Source "ChessBase"]
[SourceQuality "1"]
[TimeControl "60/7800+30:0"]

1. Nf3 {[%emt 0:00:00]} d5 {[%emt 0:01:14]} 2. c4 {[%emt 0:00:00]} e6 {[%emt 0:03:28]} 3. g3 {[%emt 0:00:35]} Nf6 {[%emt 0:01:38]} 4. Bg2 {[%emt 0:01:14]} Be7 {[%emt 0:00:46]} 5. d4 {[%emt 0:01:12]} Nbd7 {[%emt 0:02:27]} 6. Qc2 {[%emt 0:04:35]} O-O {[%emt 0:01:18]} 7. O-O {[%emt 0:02:04]} Re8 {[%emt 0:02:12]} 8. Nbd2 {[%emt 0:01:35]} Bf8 {[%emt 0:05:03]} 9. e4 {[%emt 0:01:57]} Nxe4 {[%emt 0:01:21]} 10. Nxe4 {[%emt 0:00:07]} dxe4 {[%emt 0:00:18]} 11. Qxe4 {[%emt 0:00:14]} Nf6 {[%emt 0:00:10]} 12. Qc2 {[%emt 0:02:27]} c5 {[%emt 0:05:41]} 13. dxc5 {[%emt 0:09:10]} Bxc5 {[%emt 0:00:11]} 14. Bg5 {[%emt 0:00:22]} h6 {[%emt 0:01:18]} 15. Rad1 {[%emt 0:00:56]} Qe7 {[%emt 0:01:14]} 16. Bf4 {[%emt 0:01:49]} a5 {[%emt 0:03:12]} 17. Ne5 {[%emt 0:08:30]} Ra6 {[%emt 0:07:27]} 18. h4 {[%emt 0:18:26]} Rb6 {[%emt 0:14:23]} 19. Rd3 {[%emt 0:07:59]} Nd7 {[%emt 0:15:32]} 20. Rfd1 {[%emt 0:03:07]} Nxe5 {[%emt 0:00:22]} 21. Bxe5 {[%emt 0:00:03]} f6 {[%emt 0:01:06]} 22. Bc3 {[%emt 0:03:24]} Ra6 {[%emt 0:05:38]} 23. Qd2 {[%emt 0:05:02]} Qc7 {[%emt 0:01:48]} 24. Kh2 {[%emt 0:15:05]} Be7 {[%emt 0:06:43]} 25. b3 {[%emt 0:00:56]} a4 {[%emt 0:00:16]} 26. Be4 {[%emt 0:01:57]} f5 1/2-1/2

[Event "7. Arber-Senioren-Cup 2019"]
[Site "Bodenmais"]
[Date "2019.07.31"]
[Round "5.12"]
[White "Steinbach, Peter"]
[Black "Supplieth, Peter"]
[Result "1-0"]
[WhiteElo "1958"]
[BlackElo "1880"]
[Annotator "NA"]
[PlyCount "47"]
[EventDate "2019.07.27"]
[EventType "swiss"]
[EventCountry "GER"]
[SourceTitle "playchess.com"]
[Source "ChessBase"]
[SourceQuality "1"]
[TimeControl "60/7800+30:0"]

1. d4 {[%emt 0:00:00]} d5 {[%emt 0:00:00]} 2. Bf4 {[%emt 0:00:00]} Nf6 {[%emt 0:00:47]} 3. e3 {[%emt 0:00:04]} e6 {[%emt 0:01:47]} 4. Nd2 {[%emt 0:01:27]} Bd6 {[%emt 0:00:21]} 5. Bg3 {[%emt 0:00:40]} b6 {[%emt 0:02:22]} 6. Ngf3 {[%emt 0:03:52]} Bb7 {[%emt 0:05:34]} 7. Bb5+ {[%emt 0:06:08]} c6 {[%emt 0:00:41]} 8. Bd3 {[%emt 0:00:06]} Qe7 {[%emt 0:00:34]} 9. c4 {[%emt 0:04:29]} Nbd7 {[%emt 0:01:54]} 10. Ne5 {[%emt 0:01:19]} Rc8 {[%emt 0:01:44]} 11. Qa4 {[%emt 0:04:24]} a5 {[%emt 0:03:03]} 12. O-O {[%emt 0:03:44]} O-O {[%emt 0:00:23]} 13. cxd5 {[%emt 0:07:58]} exd5 {[%emt 0:01:31]} 14. f4 {[%emt 0:06:32]} c5 {[%emt 0:02:40]} 15. Bh4 {[%emt 0:06:13]} c4 {[%emt 0:11:51]} 16. Bf5 {[%emt 0:00:21]} Bc6 {[%emt 0:03:41]} 17. Nxc6 {[%emt 0:13:13]} Qxe3+ {[%emt 0:00:08]} 18. Rf2 {[%emt 0:00:08]} Rc7 {[%emt 0:04:37]} 19. Ne5 {[%emt 0:01:55]} Nb8 {[%emt 0:04:42]} 20. Qd1 {[%emt 0:11:57]} Qxd4 {[%emt 0:00:12]} 21. Bxf6 {[%emt 0:00:56]} Bc5 {[%emt 0:02:46]} 22. Bxh7+ {[%emt 0:13:50]} Kxh7 {[%emt 0:10:16]} 23. Qh5+ {[%emt 0:00:10]} Kg8 {[%emt 0:00:05]} 24. Qg5 {[%emt 0:00:10]} 1-0